000 00747aam a2200289 i 4500
001 768714001
003 CO-MdFUSB
005 20250830115142.0
007 ta
008 250830t1962 -us |||| |||| 00| 0 eng d
040 _cCO-MdFUSB
041 0 _aeng
082 0 4 _223
_a249
_bR253r
100 1 _aRavenhill, Leonard
_eautor
245 1 0 _aRevival Praying
_c/ Leonard Ravenhill
264 1 _bBethany Fellowship,
_aMinneapolis, MN., USA :
_c[1962]
264 4 _c©1962
300 _a176 páginas
336 _atexto
_btxt
_2rdacontent
337 _2rdamedia
_asin mediación
_bn
338 _2rdacarrier
_avolumen
_bnc
563 _aPasta dura
650 7 _aOración
_986
942 _cBK
945 _aJTF-925
999 _c36311
_d36311